|
|
|
|
| LEADER |
00000cam a2200000 a 4500 |
| 001 |
vtls009219047 |
| 003 |
SK-MaSNL |
| 005 |
20260301081536.0 |
| 008 |
250604s1990 xo odaljren 001 0 hun |
| 015 |
|
|
|a SNBA1990/10
|
| 020 |
|
|
|a 8009003468
|q (viazané)
|
| 035 |
|
|
|a urn:nbn:sk:snk-am3j644
|
| 035 |
|
|
|a 3FED2F4E-9702-4CBB-915E-D4B12BF0B62E
|
| 035 |
|
|
|a urn:nbn:sk:snk-am00ggdg
|
| 040 |
|
|
|a SNK
|b slo
|c SNK
|e AACR2
|
| 041 |
0 |
|
|a hun
|
| 044 |
|
|
|a xo
|c SK
|
| 072 |
|
7 |
|a 00
|x Veda. Všeobecnosti. Základy vedy a kultúry. Vedecká práca
|2 konspekt
|
| 072 |
|
7 |
|a 53
|x Fyzika
|2 konspekt
|
| 072 |
|
7 |
|a 54
|x Chémia. Mineralogické vedy
|2 konspekt
|
| 080 |
|
|
|a 0/9
|2 2011
|
| 080 |
|
|
|a (031)
|2 2011
|
| 080 |
|
|
|a 53
|2 2011
|
| 080 |
|
|
|a 54
|2 2011
|
| 080 |
|
|
|a 82-93-053.2
|2 2011
|
| 080 |
|
|
|a (0.062)
|2 2011
|
| 100 |
1 |
|
|a Varga, Domokos,
|d 1922-2002
|4 aut
|9 205800
|
| 245 |
1 |
0 |
|a Rejtelmes világ
|b kérdések könyve
|c Varga Domokos és Varga András ; rajzolta: Kiss István
|
| 260 |
|
|
|a Bratislava
|b Madách Könyvkiadó
|c 1990
|
| 300 |
|
|
|a 189 strán
|b fotografie (prevažne farebné), grafy, ilustrácie (niektoré farebné), tabuľky
|c 28 cm
|
| 366 |
|
|
|e 2500 kusov pre Vydavateľstvo Madách, Bratislava
|
| 500 |
|
|
|a Tiráž aj v slovenčine
|
| 504 |
|
|
|a Menný a vecný register na strane 186-[190]
|
| 650 |
0 |
7 |
|a všeobecnosti a zaujímavosti
|2 SNKPH
|9 4162
|
| 650 |
0 |
7 |
|a fyzika
|2 SNKPH
|9 816
|
| 650 |
0 |
7 |
|a chémia
|2 SNKPH
|9 749
|
| 655 |
|
7 |
|a encyklopédie
|2 SNKPH
|9 28776
|
| 655 |
|
7 |
|a publikácie pre deti
|2 SNKPH
|9 70148
|
| 655 |
|
7 |
|a populárno-náučné publikácie
|2 SNKPH
|9 70460
|
| 700 |
1 |
|
|a Varga, András,
|d 1956-
|4 aut
|9 157478
|
| 700 |
1 |
|
|a Kiss, István,
|d 1951-
|4 ill
|9 404990
|
| 852 |
|
|
|a Slovenská národná knižnica
|
| 919 |
|
|
|a 80-09-00346-8
|
| 954 |
|
|
|a odborná, vedecká literatúra cudzojazyčná (svetová)
|2 lita
|
| 958 |
|
|
|a EUIPO
|
| 958 |
|
|
|a RK
|
| 958 |
|
|
|a DB
|
| 958 |
|
|
|a NB
|
| 958 |
|
|
|a HU
|
| 958 |
|
|
|a TL
|
| 958 |
|
|
|a OND
|
| 999 |
|
|
|c 656147
|d 658077
|
| 952 |
|
|
|a SNK
|b SNK
|y PREZ
|7 0
|p 17A1417947
|o snkSB 95424
|i snk2020/6580
|8 7
|0 0
|1 0
|4 0
|d 2020-03-13
|f 1
|l 0
|r 2025-05-15 00:00:00
|w 2026-02-23
|
| 952 |
|
|
|a SNK
|b SNK
|y VYP
|7 0
|p 17A1417946
|o snkSB 95424 D1
|i snk2020/6581
|8 7
|0 0
|1 0
|4 0
|d 2020-03-13
|l 0
|r 2026-02-23 18:37:00
|w 2026-02-23
|